00572nam a22001817a 4500003000500000005001700005008004100022038001500063040001300078082000800091100002100099245012900120260002700249300001000276650001200286700003400298856005800332Nust20241030115625.0170216b xxu||||| |||| 00| 0 eng d aMr. Zahoor cNust-MCE a200 aAsim Bin Waheed  aIntegration of disaster risk management in school & college curricula: A case study two hazards prime district of Pakistan/  aRisalpur,bMCE,c2014. a100p. athesis  aSupervisor: Dr. Sarfraz Ahmed u http://10.250.8.41:8080/xmlui/handle/123456789/45641